लड़की क्या है? लड़का क्या है?= What is a girl? What is a boy? (Record no. 202)
[ view plain ]
| 000 -LEADER | |
|---|---|
| fixed length control field | 009420000a22002530004500 |
| 003 - CONTROL NUMBER IDENTIFIER | |
| control field | LK-CoMWRAF |
| 005 - DATE AND TIME OF LATEST TRANSACTION | |
| control field | 20240229131155.0 |
| 008 - FIXED-LENGTH DATA ELEMENTS--GENERAL INFORMATION | |
| fixed length control field | 230817t1997 ||||| |||| 00| 0 eng d |
| 040 ## - CATALOGING SOURCE | |
| Original cataloging agency | LK-CoMWRAF |
| Modifying agency | LK-CoMWRAF |
| Description conventions | LK-CoMWRAF |
| 041 ## - LANGUAGE CODE | |
| Language code of text/sound track or separate title | Hindi |
| 041 ## - LANGUAGE CODE | |
| Language code of text/sound track or separate title | English |
| 082 ## - DEWEY DECIMAL CLASSIFICATION NUMBER | |
| Classification number | 305.23 |
| Item number | BHA |
| 942 ## - ADDED ENTRY ELEMENTS (KOHA) | |
| Koha item type | Books |
| 100 ## - MAIN ENTRY--PERSONAL NAME | |
| Personal name | Bhasin ,Kamla |
| 700 ## - ADDED ENTRY--PERSONAL NAME | |
| Personal name | Thapar, Bindia |
| 245 ## - TITLE STATEMENT | |
| Title | लड़की क्या है? लड़का क्या है?= What is a girl? What is a boy? |
| 246 ## - VARYING FORM OF TITLE | |
| Title proper/short title | ladakee kya hai? ladaka kya hai? |
| 260 ## - PUBLICATION, DISTRIBUTION, ETC. (IMPRINT) | |
| Place of publication, distribution, etc. | New Delhi: |
| Name of publisher, distributor, etc. | Jagori |
| Date of publication, distribution, etc. | 1997 |
| 300 ## - PHYSICAL DESCRIPTION | |
| Extent | [51 p.] : ill. |
| 520 ## - SUMMARY, ETC. | |
| Summary, etc. | Description of differences and inequalities between men and women, their cause and consequences, with a view to more opportunities for girls and women in India |
| 856 ## - ELECTRONIC LOCATION AND ACCESS | |
| Uniform Resource Identifier | <a href="https://shtriishakti.org/wp-content/uploads/2017/09/What-is-girl-What-is-boy.pdf">https://shtriishakti.org/wp-content/uploads/2017/09/What-is-girl-What-is-boy.pdf</a> |
| 650 ## - SUBJECT ADDED ENTRY--TOPICAL TERM | |
| Topical term or geographic name as entry element | GENDER INEQUALITIES |
| 650 ## - SUBJECT ADDED ENTRY--TOPICAL TERM | |
| Topical term or geographic name as entry element | Gender-Handbooks |
| Withdrawn status | Lost status | Damaged status | Not for loan | Permanent Location | Current Location | Date acquired | Full call number | Barcode | Koha item type |
|---|---|---|---|---|---|---|---|---|---|
| Resource center, Muslim Women's Research And Action Forum | Resource center, Muslim Women's Research And Action Forum | 2023-08-17 | 305.23 BHA | RAF4008 | Books | ||||
| Resource center, Muslim Women's Research And Action Forum | Resource center, Muslim Women's Research And Action Forum | 2024-02-29 | 305.23 BHA | RAF3889 | Books | ||||
| Resource center, Muslim Women's Research And Action Forum | Resource center, Muslim Women's Research And Action Forum | 2024-02-29 | 305.23 BHA | RAF5151 | Books |

